00932nam a2200241Ia 4500003000400000005001700004008004100021020001800062040001800080041000800098082002100106100002700127245014600154250001200300260003700312300002800349650002700377650002700404650002300431942003000454999001900484952018700503OSt20240626133436.0210716s2011 xx 000 0 und d a9780749462390 cAIMIT LIBRARY aeng a374.22 21bRIGR aRigby, Rhymer.9171764 a28 business thinkers who changed the world : bmanagement gurus and mavericks who changed the way we think about business /cBy Rhymer Rigby. a1st ed. aNew Delhi ;bKogan Page ,c2011. aiv,228p. ;bPBc22.1 cm aWarren buffett9171765 aRupert murdoch9171766 aSam walton9171767 2ddccBKe1stk374.22 RIGR c207713d207713 00102ddc40708MBAaAIMITbAIMITd2012-12-18g395.00iBill no:913; Bill dt:2012-11-01l2o374.22 RIGRpMBA10279q2025-09-03r2025-08-04 11:15:46s2025-08-04v296.25w2021-07-16yBK